Normal view
MARC view
- Islamic Foundation
Entry Corporate Name
001 - CONTROL NUMBER
- control field: 1569
003 - CONTROL NUMBER IDENTIFIER
- control field: OSt
005 - DATE AND TIME OF LATEST TRANSACTION
- control field: 20170505085730.0
008 - FIXED-LENGTH DATA ELEMENTS
- fixed length control field: 170505|| aca||aabn | a|a d
040 ## - CATALOGING SOURCE
- Original cataloging agency: OSt
- Transcribing agency: OSt
110 ## - HEADING--CORPORATE NAME
- Corporate name or jurisdiction name as entry element: Islamic Foundation
670 ## - SOURCE DATA FOUND
- Source citation: Work cat.: (OSt)0: Maududi, Sayyid Abul 'Ala, Maulana, 1903-1979 1567, Let us be Muslims /, 2009, c1982

PORTAL AKMAL
E-MEL JKDM
AKMAL2U
G-BAM
u-PUSTAKA